LEADER 01333nam--2200409---450- 001 990001006320203316 005 20090102124122.0 035 $a0100632 035 $aUSA010100632 035 $a(ALEPH)000100632USA01 035 $a0100632 100 $a20020228d1994----km-y0itay0103----ba 101 $aita 102 $aIT 105 $a||||||||001yy 200 1 $a<> marketing strategico come strumento di profitto$eraggiungere il successo riducendo i rischi d'impresa$fAlan Wolfe 210 $aMilano$cJackson libri$dc1994 215 $aVIII, 214 p$d24 cm 225 2 $aBiblioteca di Financial times 300 $aTrad. di Elena Giannotti, rev. di Elvira Giuliana 312 $aProfit from strategic marketing 410 $12001$aBiblioteca di Financial times 454 $12001$aProfit from strategic marketing$949076 606 0 $aMarketing 676 $a658.8 700 1$aWOLFE,$bAlan$0235000 801 0$aIT$bsalbc$gISBD 912 $a990001006320203316 951 $a658.8 WOL 1 (IRA 6 235)$b6338 EC$cIRA 6$d00010208 959 $aBK 969 $aECO 979 $aPATTY$b90$c20020228$lUSA01$h1528 979 $c20020403$lUSA01$h1742 979 $aPATRY$b90$c20040406$lUSA01$h1709 979 $aRSIAV2$b90$c20090102$lUSA01$h1241 996 $aProfit from strategic marketing$949076 997 $aUNISA LEADER 01886oam 2200469M 450 001 9910716134303321 005 20200213070930.7 035 $a(CKB)5470000002518774 035 $a(OCoLC)1065613240 035 $a(OCoLC)995470000002518774 035 $a(EXLCZ)995470000002518774 100 $a20071213d1926 ua 0 101 0 $aeng 135 $aurcn||||||||| 181 $ctxt$2rdacontent 182 $cc$2rdamedia 183 $acr$2rdacarrier 200 10$aTo amend section 2 of the Legislative, Executive, and Judicial Appropriation Act of May [i.e., July] 31, 1894. May 17, 1926. -- Ordered to be printed 210 1$a[Washington, D.C.] :$c[U.S. Government Printing Office],$d1926. 215 $a1 online resource (1 pages) 225 1 $aSenate report / 69th Congress, 1st session. Senate ;$vno. 838 225 1 $a[United States congressional serial set] ;$v[serial no. 8526] 300 $aDate of "Legislative, Executive, and Judicial Appropriation Act of May 31, 1894" in title printed in error; correct date is July 31, 1894. 300 $aBatch processed record: Metadata reviewed, not verified. Some fields updated by batch processes. 300 $aFDLP item number not assigned. 606 $aBudget 606 $aCivil service 606 $aLegislative amendments 607 $aUnited States$xAppropriations and expenditures 608 $aLegislative materials.$2lcgft 615 0$aBudget. 615 0$aCivil service. 615 0$aLegislative amendments. 701 $aMeans$b Rice William$f1877-1949$pRepublican (CO)$01386800 801 0$bWYU 801 1$bWYU 801 2$bOCLCO 801 2$bOCLCQ 906 $aBOOK 912 $a9910716134303321 996 $aTo amend section 2 of the Legislative, Executive, and Judicial Appropriation Act of May 31, 1894. May 17, 1926. -- Ordered to be printed$93501924 997 $aUNINA